000
00323nam a2200121Ia 4500
008
190722s9999 xx 000 0 und d
020
_a
978-93-325-7031-3
100
_a
Simon Haykin
245
0
_a
Neural Networks And Learning Machines
260
_a
India
_b
Pearson India Education Services
_c
2016
300
_a
918
942
_c
BK
999
_c
382
_d
382